Assembly language for the IBM-PC (Record no. 177258)
[ view plain ]
| 000 -LEADER | |
|---|---|
| fixed length control field | 01211 a2200229 4500 |
| 003 - CONTROL NUMBER IDENTIFIER | |
| control field | Nust |
| 005 - DATE AND TIME OF LATEST TRANSACTION | |
| control field | 20170207152623.0 |
| 010 ## - LIBRARY OF CONGRESS CONTROL NUMBER | |
| LC control number | 92010002 |
| 020 ## - INTERNATIONAL STANDARD BOOK NUMBER | |
| International Standard Book Number | 0023596511 |
| 040 ## - CATALOGING SOURCE | |
| Transcribing agency | Nust |
| 082 00 - DEWEY DECIMAL CLASSIFICATION NUMBER | |
| Classification number | 005.265 |
| 100 1# - MAIN ENTRY--PERSONAL NAME | |
| Personal name | Irvine, Kip R., |
| 245 10 - TITLE STATEMENT | |
| Title | Assembly language for the IBM-PC |
| Statement of responsibility, etc. | Kip R. Irvine. |
| 250 ## - EDITION STATEMENT | |
| Edition statement | ed. |
| 260 ## - PUBLICATION, DISTRIBUTION, ETC. | |
| Place of publication, distribution, etc. | New York : |
| Name of publisher, distributor, etc. | Macmillan ; |
| Place of publication, distribution, etc. | Toronto : |
| Name of publisher, distributor, etc. | Maxwell Macmillan Canada ; |
| Place of publication, distribution, etc. | New York : |
| Name of publisher, distributor, etc. | Maxwell Macmillan International, |
| Date of publication, distribution, etc. | c1993. |
| 300 ## - PHYSICAL DESCRIPTION | |
| Extent | xxii, 623 p. : |
| Other physical details | ill. ; |
| Dimensions | 25 cm. + |
| Accompanying material | 1 computer disk (3 1/2 in.) |
| 500 ## - GENERAL NOTE | |
| General note | Includes index. |
| 500 ## - GENERAL NOTE | |
| General note | System requirements for computer disk: IBM PC; DOS. |
| 505 ## - FORMATTED CONTENTS NOTE | |
| Formatted contents note | Introduction (Page-1) Hardware and Software Architecture (Page-22) Assembly Language Fundamentals (Page-46) The Macro Assembler (Page-76) Input-Output Services (Page-106) Conditional Processing (Page-141) Numeric Conversions and Libraries (Page-208) String Processing (Page-251) Macro and Structures (Page-285) Disk Storage (Page-327) File Processing (Page-373) High-Level Linking (Page-412) Advanced Topics I (Page-444) Advanced Topics II (Page-477) |
| 650 #0 - SUBJECT ADDED ENTRY--TOPICAL TERM | |
| Topical term or geographic name entry element | Assembler language (Computer program language) |
| 650 #0 - SUBJECT ADDED ENTRY--TOPICAL TERM | |
| Topical term or geographic name entry element | IBM Personal Computer |
| General subdivision | Programming. |
| 942 ## - ADDED ENTRY ELEMENTS (KOHA) | |
| Source of classification or shelving scheme | |
| Koha item type | Book |
| Withdrawn status | Lost status | Source of classification or shelving scheme | Damaged status | Not for loan | Permanent Location | Current Location | Shelving location | Date acquired | Total Checkouts | Full call number | Barcode | Date last seen | Price effective from | Koha item type |
|---|---|---|---|---|---|---|---|---|---|---|---|---|---|---|
| Military College of Signals (MCS) | Military College of Signals (MCS) | General Stacks | 05/11/2024 | 005.265 | MCS26262 | 05/11/2024 | 05/11/2024 | Book | ||||||
| Military College of Signals (MCS) | Military College of Signals (MCS) | 05/11/2024 | 005.265 | MCS26256 | 05/11/2024 | 05/11/2024 | Book | |||||||
| Military College of Signals (MCS) | Military College of Signals (MCS) | 05/11/2024 | 005.265 | MCS26250 | 05/11/2024 | 05/11/2024 | Book | |||||||
| Military College of Signals (MCS) | Military College of Signals (MCS) | 05/11/2024 | 005.265 | MCS26259 | 05/11/2024 | 05/11/2024 | Book | |||||||
| Military College of Signals (MCS) | Military College of Signals (MCS) | 05/11/2024 | 005.265 | MCS24797 | 05/11/2024 | 05/11/2024 | Book |
